Heaven Knows I'm Miserable Now-The Smiths - Statistics

General Stats
  • This quiz has been taken 264 times
  • The average score is 172 of 201
Answer Stats
Answer % Correct
a
100%
heaven
100%
knows
100%
and
99%
And
99%
I
99%
I'm
99%
miserable
99%
now
99%
the
97%
in
96%
In
96%
was
96%
my
95%
job
94%
life,
94%
who
94%
for
93%
found
93%
looking
93%
do
92%
then
92%
why
92%
don't
91%
If
91%
if
91%
of
90%
people
90%
To
90%
care
89%
But
85%
die?
85%
time
85%
happy
84%
hour
84%
live
83%
valuable
83%
drunken
82%
or
82%
give
81%
haze
77%
by
75%
much
75%
eye?
73%
me
73%
rather
72%
oh,
71%
"Oh,
71%
at
68%
At
68%
Kick
66%
smile
66%
I'd
64%
she
64%
pass
62%
day
60%
said
60%
too
60%
been
57%
end
57%
lovers
57%
have
56%
Two
55%
you've
54%
long",
53%
naturally
53%
What
53%
house
51%
would
51%
asked
49%
fled
49%
entwined
46%
blushed
41%
Caligula
34%
No matching quizzes found
Score Distribution
Percent of People with Each Score
Percentile by Number Answered
Your Score History
You have not taken this quiz